| 000 | 00565nam a22001937a 4500 | ||
|---|---|---|---|
| 999 |
_c4089 _d4089 |
||
| 003 | AR-CdUCM | ||
| 008 | 190307b ||||| |||| 00| 0 spa d | ||
| 040 |
_aMUNICIPALIDAD PROVINCIAL DEL CUSCO _cBIBLIOTECA MUNICIPAL DEL CUSCO |
||
| 082 |
_a868.31 / _bC14 |
||
| 100 |
_aCalderón de la Barca, Pedro _9647 |
||
| 245 | _aEl mágico prodigioso / | ||
| 260 |
_aLima : _bHuascaran, _c1966. |
||
| 300 |
_a175 paginas ; _c17 cm. |
||
| 505 | _aContenido : Teatro / | ||
| 650 |
_aTeatro español _9648 |
||
| 650 |
_a1500-1700 _9871 |
||
| 942 |
_2ddc _cLIBROS |
||
| 945 | _arjall | ||